Técnicas grupales y aprendizaje afectivo : hacia un cambio de actitudes /

Guardado en:
Autor Principal: Medaura, Julia Olga
Otros Autores: Monfarrell Lafalla, Alicia De
Formato: Libro
Publicado: Buenos Aires : Humanitas, 1987
Materias:
Etiquetas: Agregar Etiqueta
Sin Etiquetas, Sea el primero en etiquetar este registro!
LEADER 00809nam a22002295a 4500
001 CEM.cems004269
005 20060216000000.0
008 130507s1987##################000#0#####d
003 CEMS
082 0 4 |a 371.3 
100 1 |a Medaura, Julia Olga 
245 1 0 |a Técnicas grupales y aprendizaje afectivo :  |b  hacia un cambio de actitudes / 
260 |a Buenos Aires :  |b Humanitas,  |c 1987 
300 |a 127 
505 0 |a Din mica de grupos.- T'cnicas: del distra¡do, del period¡sta, del caramelo, del no, del dictado de un dibujo, del f¢sforo, del buque.- 
653 |a Aprendizaje 
653 |a Aprendizaje afectivo 
653 |a Dinamica de grupos 
653 |a Donacion c. basico 
653 |a Educacion 
700 1 |a Monfarrell Lafalla, Alicia De 
859 |a CEMS  |b BIB. CEMS - 11 de abril  |h 371.3  |i M466  |p 15915.90  |t Ej.1